Movie Decades - Statistics

General Stats
  • This quiz has been taken 66 times
  • The average score is 11 of 15
Answer Stats
Question Answer % Correct
The Lion King 1990s
96%
Fight Club 1990s
88%
Get Out 2010s
88%
The Godfather 1970s
83%
E.T. the Extra Terrestrial 1980s
83%
Harry Potter and the Philosophers Stone 2000s
83%
Eternal Sunshine of the Spotless Mind 2000s
79%
Indiana Jones and the Last Crusade 1980s
75%
Toy Story 3 2010s
75%
2001: A Space Odyssey 1960s
71%
One Flew Over the Cuckoo's Nest 1970s
71%
Rear Window 1950s
67%
The Wizard of Oz 1930s
63%
Singin' in the Rain 1950s
63%
Metropolis 1920s
54%
No matching quizzes found
Score Distribution
Percent of People with Each Score
Percentile by Number Answered
Your Score History
You have not taken this quiz